00505nam a2200157Ia 4500008004100000041000800041082001400049100001600063245003700079250001400116260003400130300003300164365001100197999001700208952012200225240624s9999 xx 000 0 und d aeng a659.1 PER aPERCY LARRY aSTRATEGIC ADVERTISING MANAGEMENT a(4th ed.) c2012aNew DelhibOxford India axxiii, : 389 : p. : cm. ; 24 cRSb31 c23164d23164 00104070aIMTNbIMTNcRack 35-Bd2014-09-26eVBCg2200.00o659.1 PERp23164r2024-06-24 00:00:00t1w2024-06-24yBK